Trở thành đức Phật trong công việc : 108 sự thật lâu đời về thay đổi, stress, tiền bạc và thành công
Cuốn sách này giúp bạn giải quyết những vấn đề trong công việc bằng quan điểm của Đức Phật. Bạn giải quyết những chuyện buồn trong công việc bằng cách nào? Làm thế nào để cân bằng giữa công việc và đời sống cá nhân? Đức Phật gặt...
Zapisane w:
| 1. autor: | |
|---|---|
| Format: | Książka |
| Język: | Undetermined |
| Wydane: |
Hà Nội
Văn hóa-Thông tin
2015
|
| Hasła przedmiotowe: | |
| Etykiety: |
Dodaj etykietę
Nie ma etykietki, Dołącz pierwszą etykiete!
|
| Thư viện lưu trữ: | Trung tâm Học liệu Trường Đại học Cần Thơ |
|---|
| LEADER | 01396nam a2200229Ia 4500 | ||
|---|---|---|---|
| 001 | CTU_197130 | ||
| 008 | 210402s9999 xx 000 0 und d | ||
| 020 | |c 62000 | ||
| 082 | |a 294.3 | ||
| 082 | |b M588 | ||
| 100 | |a Metcalf, Franz | ||
| 245 | 0 | |a Trở thành đức Phật trong công việc : | |
| 245 | 0 | |b 108 sự thật lâu đời về thay đổi, stress, tiền bạc và thành công | |
| 245 | 0 | |c Franz Metcalf, Bj allagher ; Bùi Thu Hà dịch | |
| 260 | |a Hà Nội | ||
| 260 | |b Văn hóa-Thông tin | ||
| 260 | |c 2015 | ||
| 520 | |a Cuốn sách này giúp bạn giải quyết những vấn đề trong công việc bằng quan điểm của Đức Phật. Bạn giải quyết những chuyện buồn trong công việc bằng cách nào? Làm thế nào để cân bằng giữa công việc và đời sống cá nhân? Đức Phật gặt hái thành công như thế nào? Tâm Phật thiết kế tiến trình hiệu quả công việc ra sao?... | ||
| 650 | |a Work,Success,Công việc,Thành công | ||
| 650 | |x Religious aspect,Buddhism.,Religious aspect,Buddhism.,Khía cạnh tôn giáo,Phật giáo,Khía cạnh tôn giáo,Phật giáo | ||
| 904 | |i Tuyến | ||
| 980 | |a Trung tâm Học liệu Trường Đại học Cần Thơ | ||